Statistics for UK Quiz

Click here to take the quiz!

General Stats

  • This quiz has been taken 29 times
  • The average score is 10 of 25

Answer Stats

HintAnswer% Correct
What is the highest mountain in Great Britain?Ben Nevis
96%
which is located in which country?Scotland
96%
What meat is used in a Shepherds Pie?lamb
68%
How many players are there in a rugby league team?13
64%
Truro is the most southerly city in mainland England, but in which county is it located?Cornwall
60%
What is the other name of Northern Ireland?Ulster
60%
Which name was given to the civil war era in Northern Ireland (1968-1998)?the troubles
56%
Who plays the Prime Minister in Love Actually?Hugh Grant
52%
Which sea lies to the west of Wales?Irish sea
52%
In tennis, what piece of fruit is found at the top of the men's Wimbledon trophy?pineapple
44%
Which horse is the only three-time winner of the Grand National?Red Rum
44%
Which year was the Premier League founded?1992
40%
What is the most popular dog breed in the UK?Labrador Retriever
40%
Which city has the nickname "city of dreaming spires"?Oxford
40%
Catatonia are a famous band from Wales, but who is their lead singer?Cerys Matthews
36%
What is a smoked Herring also known as?kippers
36%
What did the Romans call Scotland?Caledonia
32%
The Suffolk punch is a breed of which animal?horse
32%
What confectionary product is traditionally bought as a gift from a seaside holiday?stick of rock
28%
How many Members of Parliament (MPs) are there?650
16%
Which breakfast item is proudly made in Burton On Trent?Marmite
16%
Who scored the first Premier League hat-trick?Eric Cantona
12%
Which Beatles song was banned from the BBC for its lyrics?I am the walrus
12%
In March 2022, which oldest recorded town became the UK's newest city?Colchester
8%
Which is the only village in England with a name ending with an exclamation mark?Westwood Ho!
8%

Score Distribution

Percentile by Number Answered

Percent of People with Each Score

Your Score History

You have not taken this quiz